[Event "Napoli Autunno Vomero op-B"]
[Site "Napoli"]
[Date "2016.09.29"]
[Round "4"]
[White "Cangiano, Gianluca"]
[Black "Giuffrida, Alfio"]
[Result "0-1"]
[WhiteElo "1440"]
[BlackElo "1440"]
[PlyCount "34"]
[EventDate "2016.09.08"]
[EventType "swiss"]
[EventRounds "7"]
[EventCountry "ITA"]
[SourceTitle "EXT 2018"]
[Source "ChessBase"]
[SourceDate "2017.10.13"]
[SourceVersion "1"]
[SourceVersionDate "2017.10.13"]
[SourceQuality "1"]

1. e4 e5 2. Nf3 Nf6 3. Nxe5 Bc5 4. Bc4 0-0 5. Nxf7 Qe7 6. Nh6+ Kh8 7. Qf3 Nxe4 8. Nf7+ Rxf7 9. Bxf7 Nxf2+ 10. Kf1 Nxh1 11. Qh5 Qf6+ 12. Ke2 Qf2+ 13. Kd3 Qd4+ 14. Ke2 Qe4+ 15. Kf1 Qf4+ 16. Ke2 Qe4+ 17. Kd1 Nf2# 0-1

[Event "Napoli Autunno Vomero op-B"]
[Site "Napoli"]
[Date "2016.09.19"]
[Round "3"]
[White "Cangiano, Gianluca"]
[Black "Orefice, Giovanni"]
[Result "0-1"]
[WhiteElo "1440"]
[BlackElo "1379"]
[PlyCount "30"]
[EventDate "2016.09.08"]
[EventType "swiss"]
[EventRounds "7"]
[EventCountry "ITA"]
[SourceTitle "EXT 2018"]
[Source "ChessBase"]
[SourceDate "2017.10.13"]
[SourceVersion "1"]
[SourceVersionDate "2017.10.13"]
[SourceQuality "1"]

1. e4 e5 2. Nf3 Nc6 3. Bc4 h6 4. Nc3 Nf6 5. a3 Bc5 6. Rb1 0-0 7. b4 Bb6 8. Nd5 Nxd5 9. exd5 Nd4 10. Nxe5 Re8 11. f4 d6 12. Kf1 dxe5 13. fxe5 Rxe5 14. c3 Rf5+ 15. Kg1 Ne2# 0-1

[Event "Napoli Autunno Vomero op-B"]
[Site "Napoli"]
[Date "2016.09.15"]
[Round "2"]
[White "Guglielmi, Domenico Donato"]
[Black "Cangiano, Gianluca"]
[Result "1-0"]
[WhiteElo "1542"]
[BlackElo "1440"]
[PlyCount "79"]
[EventDate "2016.09.08"]
[EventType "swiss"]
[EventRounds "7"]
[EventCountry "ITA"]
[SourceTitle "EXT 2018"]
[Source "ChessBase"]
[SourceDate "2017.10.13"]
[SourceVersion "1"]
[SourceVersionDate "2017.10.13"]
[SourceQuality "1"]

1. d4 e6 2. c4 Nf6 3. Nc3 Bb4 4. Nf3 Bxc3+ 5. bxc3 0-0 6. Bg5 h6 7. Bh4 Na6 8. e3 b6 9. Bd3 c5 10. 0-0 Bb7 11. e4 d5 12. e5 Ne4 13. Bxd8 Rfxd8 14. Bxe4 dxe4 15. Nd2 cxd4 16. Qe1 dxc3 17. Nxe4 c2 18. Nd6 Bc6 19. a4 Nc5 20. Qb4 Nd3 21. Qc3 c1Q 22. Rfxc1 Nxc1 23. Qxc1 a5 24. h3 Rab8 25. Qf4 Rf8 26. Ra3 f6 27. Nb5 fxe5 28. Qxe5 Rbd8 29. Rg3 Rd1+ 30. Kh2 Rd7 31. Qxe6+ Rdf7 32. Qxc6 Rf6 33. Qd5+ Kh7 34. Rf3 Kh8 35. Rxf6 gxf6 36. Qh5 Kh7 37. Nd6 Kg7 38. Nf5+ Kh7 39. Qxh6+ Kg8 40. Qg7# 1-0